Es-tu un vrai BLINK ? - Statistiques

Statistiques générales
  • Ce quiz a été pris 184 fois
  • Le résultat moyen est 26 sur 41
Statistiques - réponses
Date de sortie Titre % Correct
2023 (M/V-Jisoo) Flower
95%
2019 (M/V-Kill This Love) Kill This Love
91%
2018 (M/V-Jennie) Solo
91%
2021 (M/V-Lisa) Lalisa
88%
2021 (Lisa) Money
88%
2021 (M/V-Rosé) On The Ground
85%
2022 (M/V-Born Pink) Pink Venom
85%
2021 (M/V-Rosé) Gone
84%
2020 (M/V-The Album) How You Like That
84%
2016 (M/V-Square One) BOOMBAYAH
78%
2022 (M/V-Born Pink) Shut Down
78%
2024 (M/V-Jennie ft Zico) Spot
77%
2023 (Jisoo) All Eyes On Me
75%
2023 (M/V-Jennie) You And Me
75%
2018 (Dua Lipa) Kiss And Make Up
73%
2016 (M/V-Square One) Whistle
73%
2020 (M/V-The Album) Ice Cream
71%
2016 (M/V) Stay
69%
2016 (M/V) Playing With Fire
62%
2020 (Lady Gaga) Sour Candy
62%
2022 (Born Pink) Typa Girl
62%
2022 (Born Pink) Tally
59%
2017 (M/V) As If It's Your Last
56%
2018 (Square Up) Forever Young
56%
2022 (Born Pink-Rosé) Hard To Love
56%
2020 (The Album) Pretty Savage
56%
2020 (M/V-The Album) Lovesick Girls
55%
2018 (M/V-Square Up) Ddu-Du-Ddu-Du
51%
2023 (M/V) The Girls
51%
2020 (The Album) Crazy Over You
48%
2019 (Kill This Love) Kick It
48%
2022 (Born Pink) The Happiest Girl
48%
2020 (The Album) Love To Hate Me
45%
2022 (M/V-Born Pink) Ready For Love
45%
2018 (Square Up) Really
45%
2022 (Born Pink) Yeah Yeah Yeah
43%
2019 (Kill This Love) Don't Know What To Do
41%
2018 (Square Up) See U Later
39%
2020 (The Album) You Never Know
37%
2020 (The Album) Bet You Wanna
35%
2019 (Kill This Love) Hope Not
34%
Aucun quiz correspondant
Distribution des résultats
% des personnes avec chaque résultat
Percentile par nombre de réponses
Votre historique - résultats
Vous n’avez pas pris ce quiz